00298 a2200133 4500001000700000020000600007040001100013100002900024240004600053245004100099300000700140362000900147440000800156173648 a  cMagnum aCoelho, Ronaldo Simões10aO lobisomem que quase morreu de medolpor10aO lobisomem que quase morreu de medo a120 a1988 1aRHJ